U.S. Cities with the Least Precipitation - Statistics

General Stats
  • This quiz has been taken 12,488 times
  • The average score is 8 of 13
Answer Stats
Inches City % Correct
7.2 Phoenix
94%
12.2 Los Angeles
90%
4.2 Las Vegas
89%
9.8 San Diego
85%
8.9 Albuquerque
74%
14.0 Denver
72%
15.5 Salt Lake City
70%
10.6 Tucson
61%
13.8 † San Jose
51%
16.3 Honolulu
47%
18.1 Sacramento
45%
11.0 Fresno
34%
9.1 † Riverside
32%
No matching quizzes found
Score Distribution
Percent of People with Each Score
Percentile by Number Answered
Your Score History
You have not taken this quiz